| 000 | 00744cam a2200217 4500 | ||
|---|---|---|---|
| 008 | 070829s2001 mx 000 0 spa u | ||
| 020 | _a9707011289 | ||
| 035 | _aa464121 | ||
| 100 | 1 | _aHernández Castillo, Rosalva Aída | |
| 245 | 1 | 3 |
_aLa otra frontera: _bidentidades multiples en el chiapas poscolonial / _cRosalva Aída Hernández Castillo. |
| 250 | _a1a ed. | ||
| 260 |
_aMéxico: _bCIESAS, _cc2001 |
||
| 300 |
_a321 p. ; _c23 cm. |
||
| 504 | _aBibliografía: p. 307-321 | ||
| 504 | _aIncluye indice | ||
| 650 | 4 |
_aMam (Indios) _zMéxico _xIdentidad étnica |
|
| 650 | 4 |
_aMam (Indios) _xAsimilación cultural _zMéxico |
|
| 650 | 4 |
_aIndios de México _xIdentidad étnica |
|
| 942 |
_2lcc _cLIB |
||
| 999 |
_c62790 _d62790 |
||